Econometric study of the Lead Bank Scheme : With reference to Deoria district (Record no. 12977)
[ view plain ]
| 000 -LEADER | |
|---|---|
| fixed length control field | 00581nam a2200181Ia 4500 |
| 082 ## - DEWEY DECIMAL CLASSIFICATION NUMBER | |
| Classification number | TK.0240 |
| 100 ## - MAIN ENTRY--AUTHOR NAME | |
| Personal name | Kulshrestha, N.K. |
| 245 #0 - TITLE STATEMENT | |
| Title | Econometric study of the Lead Bank Scheme : With reference to Deoria district |
| 260 ## - PUBLICATION, DISTRIBUTION, ETC. (IMPRINT) | |
| Year of publication | 1991 |
| Name of publisher | Gorakhpur University |
| 300 ## - PHYSICAL DESCRIPTION | |
| Number of Pages | v.p. + C D - 42 |
| 650 ## - SUBJECT ADDED ENTRY--TOPICAL TERM | |
| Topical Term | AGRICULTURAL CREDIT - UTTAR PRADESH - DEORIA DISTRICT |
| 650 ## - SUBJECT ADDED ENTRY--TOPICAL TERM | |
| Topical Term | LEAD BANK SCHEME - UTTAR PRADESH - DEORIA DISTRICT |
| 650 ## - SUBJECT ADDED ENTRY--TOPICAL TERM | |
| Topical Term | ECONOMETRICS |
| 650 ## - SUBJECT ADDED ENTRY--TOPICAL TERM | |
| Topical Term | BANKS AND BANKING///LEAD BANK SCHEME |
| 710 ## - ADDED ENTRY--CORPORATE NAME | |
| Corporate name or jurisdiction name as entry element | Ojha, J.P. |
| 710 ## - ADDED ENTRY--CORPORATE NAME | |
| Corporate name or jurisdiction name as entry element | Pandey, D.P. |
| 942 ## - ADDED ENTRY ELEMENTS (KOHA) | |
| Koha item type | Thesis |
| Source of classification or shelving scheme | Dewey Decimal Classification |
| Withdrawn status | Lost status | Damaged status | Not for loan | Home library | Current library | Date acquired | Bill Date | Full call number | Accession Number | Price effective from | Koha item type |
|---|---|---|---|---|---|---|---|---|---|---|---|
| NASSDOC Library | NASSDOC Library | 08/10/2004 | 2008-12-30 | TK.0240 | 32307 | 18/04/2019 | Thesis |
